[Event "Azerbaijan Championship 2021"]
[Site "Nakhchivan"]
[Date "2021.05.08"]
[Round "5.3"]
[White "Muradli, Mahammad"]
[Black "Durarbayli, Vasif"]
[Result "1/2-1/2"]
[WhiteElo "2449"]
[BlackElo "2606"]
[Annotator "TA"]
[PlyCount "155"]
[EventDate "2021.05.04"]
[EventType "tourn"]
[EventCountry "AZE"]
[SourceTitle "playchess.com"]
[Source "ChessBase"]
[SourceQuality "1"]

{[%evp 14,155,29,31,9,0,28,33,22,22,35,27,27,41,31,20,37,9,27,10,21,0,4,0,0,-41,-37,-77,0,0,0,-31,-25,-78,-20,-160,-164,-149,-111,-137,-140,-215,-223,-231,-236,-232,-239,-231,-146,-215,-172,-166,-158,-170,-164,-157,-143,-157,-130,-158,-152,-157,-157,-156,-157,-157,-157,-156,-156,-156,-151,-160,-113,-113,-113,-113,-113,-113,-113,-113,-113,-113,-113,-113,-113,-113,-113,-113,-112,-112,-112,-113,-113,-112,-107,-107,-107,-107,-107,-107,-81,-107,-81,-81,-100,-81,-73,-66,-63,-73,-25,-73,-73,-104,-8,-78,-8,-8,-8,-8,-8,-8,0,-96,-8,-8,-8,-8,-8,-8,-8,-8,-8,-8,-8,-8,-8,-8,0,0,0,0,0,0]} 1. d4 Nf6 2. c4 e6 3. Nf3 d5 4. Nc3 c6 5. Bg5 h6 6. Bxf6 Qxf6 7. e3 Nd7 8. Be2 g6 {D43: Semi-Slav: 5 Bg5 h6.} 9. O-O Bg7 10. cxd5 exd5 {White is slightly better.} 11. b4 {[%cal Bb2b4,Bb4b5][%mdl 32]} a6 12. a4 O-O 13. b5 a5 14. Rc1 Qd6 15. Qb3 Rd8 16. Rfd1 Nf8 17. Nb1 {[%cal Bc3b1,Bb1d2,Bd2b3][%mdl 32]} Ne6 18. Nbd2 Bd7 19. bxc6 bxc6 20. Qa2 {[#]} Rdb8 $146 (20... c5 $17 {[%cal Rc5d4]} 21. Qa3 Qb8) ({Predecessor:} 20... c5 21. Qa3 Bf8 22. dxc5 Nxc5 23. Bb5 Bxb5 24. axb5 Qb6 25. Rb1 a4 26. Qa2 Bg7 {½-½ (50) Velten,P (2527)-Di Nicolantonio,L (2394) Chartres 2019}) 21. Nb3 $1 $11 Rb4 22. Bf1 Qb8 23. Rb1 (23. Rc3 $11 {remains equal.}) 23... Ra7 (23... c5 $1 $17 24. Nxc5 Nxc5 25. dxc5 Bxa4 26. Rxb4 axb4) 24. Ne1 (24. Bd3 $11) 24... Rab7 $17 {[%cal Rb4b3]} 25. Nd2 Rxb1 26. Rxb1 c5 27. Bb5 (27. Rxb7 $17 {was worth a try.} Qxb7 28. dxc5) 27... Bxb5 $19 28. Rxb5 Rxb5 29. axb5 Qxb5 ({Not} 29... cxd4 30. Qxa5 dxe3 31. fxe3 $15) 30. Qxd5 Qe2 31. Ndf3 (31. Nef3 $17 {is a better defense.}) 31... cxd4 32. Qxa5 dxe3 33. fxe3 Qxe3+ 34. Kf1 Bc3 35. Qa6 g5 36. Qd3 Qc1 {Hoping for ...g4.} 37. Qe4 h5 38. h3 h4 39. Qc2 Qa1 {...Nd4 is the strong threat.} 40. Qe4 Kg7 41. Qd5 Kf6 42. Qb5 Bxe1 43. Nxe1 Qe5 44. Qa6 Kf5 45. Qb7 Kg6 46. Nf3 Qe3 47. Qb1+ Kf6 48. Qb2+ Kf5 49. Qb5+ Nc5 50. Qa5 f6 51. Qa8 Qc1+ 52. Ke2 Qc4+ 53. Kf2 Ne4+ 54. Kg1 Qc1+ 55. Kh2 Qc7+ ({Much weaker is} 55... Nf2 $6 56. Nd4+ Ke5 57. Nf3+ Kf5 58. Nd4+ Ke5 59. Nf3+ Kf5 $11) 56. Kg1 Kf4 57. Qa1 Qc3 58. Qa8 Qc5+ 59. Kh2 Ke3 60. Qa1 Qc7+ 61. Kg1 $1 Qc3 62. Qa7+ Qc5 $1 {[%cal Rc5a7]} 63. Qa6 f5 (63... Nd2 $17 64. Nxd2 Kxd2+ 65. Kh1 Qc1+ 66. Kh2 Qc7+ 67. Kh1 Qf4 68. Qa5+ Ke3 69. Qc3+ Ke4 70. Qc6+ Kf5 71. Qc8+ Ke4 72. Qa8+ Ke3 73. Qa3+ Ke4 74. Qa8+ Kf5 75. Qc8+ Ke5 76. Qb8+ Kf5 77. Qc8+) 64. Qe6 {[#]} (64. Kh2 $11) 64... Kf4+ (64... g4 $1 $17 65. hxg4 h3) 65. Kh2 $11 Qc7 66. Qa6 Ke3+ 67. Kg1 Qc5 ({Black should try} 67... Qc1+ $11 68. Kh2 Kf4) 68. Qe6 $17 {[#]} Qc1+ (68... g4 $1 $17 {( -> ...Qc1+)} 69. hxg4 h3) 69. Kh2 $11 {The position is equal.} Qc7+ 70. Kg1 Kf4 71. Kh2 Qd6 72. Qc8 {aiming for Qc1+.} Ke3+ 73. Kg1 Qd1+ 74. Kh2 g4 75. hxg4 fxg4 76. Qxg4 Qd6+ 77. Kg1 Qd1+ 78. Kh2 {And White is the lucky defender.  Weighted Error Value: White=0.14/Black=0.10} 1/2-1/2

[Event "Azerbaijan Championship 2021"]
[Site "Nakhchivan"]
[Date "2021.05.08"]
[Round "5.4"]
[White "Gadimbayli, Abdulla"]
[Black "Safarli, Eltaj"]
[Result "1/2-1/2"]
[WhiteElo "2470"]
[BlackElo "2598"]
[Annotator "ChessBase"]
[PlyCount "71"]
[EventDate "2021.05.04"]
[EventType "tourn"]
[EventCountry "AZE"]
[SourceTitle "playchess.com"]
[Source "ChessBase"]
[SourceQuality "1"]
[TimeControl "40/5400+30:1800+30"]

1. e4 {[%emt 0:01:05]} c5 {[%emt 0:00:00]} 2. Nf3 {[%emt 0:00:10]} d6 {[%emt 0:00:00]} 3. Bb5+ {[%emt 0:00:25]} Nd7 {[%emt 0:00:13]} 4. O-O {[%emt 0:01:08]} a6 {[%emt 0:01:18]} 5. Be2 {[%emt 0:00:30]} Ngf6 {[%emt 0:00:33]} 6. d3 {[%emt 0:00:25]} e6 {[%emt 0:00:39]} 7. a4 {[%emt 0:00:44]} b6 {[%emt 0:00:37]} 8. Na3 {[%emt 0:02:14]} Bb7 {[%emt 0:01:23]} 9. Bf4 {[%emt 0:05:27]} Be7 {[%emt 0:02:57]} 10. Nc4 {[%emt 0:02:39]} e5 {[%emt 0:02:32]} 11. Bg3 {[%emt 0:01:01]} O-O {[%emt 0:05:44]} 12. Nfd2 {[%emt 0:19:36]} Re8 {[%emt 0:03:09]} 13. Ne3 {[%emt 0:06:23]} Nf8 {[%emt 0:14:48]} 14. Nf5 {[%emt 0:18:31]} Ne6 {[%emt 0:00:25]} 15. Nxe7+ {[%emt 0:00:20]} Qxe7 {[%emt 0:03:06]} 16. Nc4 {[%emt 0:02:35]} b5 {[%emt 0:01:06]} 17. Ne3 {[%emt 0:02:53]} Nd4 {[%emt 0:02:17]} 18. c3 {[%emt 0:04:09]} Nxe2+ {[%emt 0:00:54]} 19. Qxe2 {[%emt 0:00:10]} Qe6 {[%emt 0:03:27]} 20. Bh4 {[%emt 0:06:53]} Nd7 {[%emt 0:01:59]} 21. Qf3 {[%emt 0:08:43]} c4 {[%emt 0:09:27]} 22. axb5 {[%emt 0:08:07]} axb5 {[%emt 0:00:23]} 23. dxc4 {[%emt 0:00:05]} bxc4 {[%emt 0:00:46]} 24. Qf5 {[%emt 0:00:09]} d5 {[%emt 0:18:50]} 25. Rad1 {[%emt 0:03:35]} Nb6 {[%emt 0:04:14]} 26. Qxe6 {[%emt 0:00:29]} fxe6 {[%emt 0:00:05]} 27. Bg3 {[%emt 0:00:11]} d4 {[%emt 0:02:44]} 28. cxd4 {[%emt 0:01:00]} Bxe4 {[%emt 0:00:06]} 29. Bxe5 {[%emt 0:01:17]} Ra2 {[%emt 0:00:09]} 30. Rfe1 {[%emt 0:01:12]} Bg6 {[%emt 0:05:00]} 31. Rc1 {[%emt 0:02:35]} Bd3 {[%emt 0:05:11]} 32. Bc7 {[%emt 0:00:27]} Na8 {[%emt 0:06:30]} 33. Be5 {[%emt 0:00:12]} Nb6 {[%emt 0:00:07]} 34. Bc7 {[%emt 0:00:04]} Na8 {[%emt 0:00:04]} 35. Be5 {[%emt 0:01:30]} Nb6 {[%emt 0:00:03]} 36. Bc7 {[%emt 0:00:05]} 1/2-1/2

[Event "Azerbaijan Championship 2021"]
[Site "Nakhchivan"]
[Date "2021.05.08"]
[Round "5.5"]
[White "Garayev, Kanan"]
[Black "Asadli, Vugar"]
[Result "0-1"]
[WhiteElo "2331"]
[BlackElo "2572"]
[Annotator "ChessBase"]
[PlyCount "78"]
[EventDate "2021.05.04"]
[EventType "tourn"]
[EventCountry "AZE"]
[SourceTitle "playchess.com"]
[Source "ChessBase"]
[SourceQuality "1"]
[TimeControl "40/5400+30:1800+30"]

1. d4 {[%emt 0:00:00]} d5 {[%emt 0:00:00]} 2. Nf3 {[%emt 0:00:02]} Nf6 {[%emt 0:00:00]} 3. c4 {[%emt 0:00:23]} c6 {[%emt 0:00:00]} 4. e3 {[%emt 0:01:20]} Bf5 {[%emt 0:00:39]} 5. Nc3 {[%emt 0:01:58]} a6 {[%emt 0:00:13]} 6. Bd3 {[%emt 0:04:28]} Bxd3 {[%emt 0:00:23]} 7. Qxd3 {[%emt 0:00:19]} e6 {[%emt 0:00:01]} 8. e4 {[%emt 0:05:34]} Bb4 {[%emt 0:10:33]} 9. e5 {[%emt 0:05:55]} Ne4 {[%emt 0:05:22]} 10. Bd2 {[%emt 0:05:37]} Nxd2 {[%emt 0:08:39]} 11. Nxd2 {[%emt 0:01:04]} c5 {[%emt 0:01:51]} 12. cxd5 {[%emt 0:08:03]} cxd4 {[%emt 0:04:37]} 13. Qxd4 {[%emt 0:01:46]} Nc6 {[%emt 0:00:58]} 14. Qf4 {[%emt 0:09:39]} Bxc3 {[%emt 0:13:29]} 15. dxc6 {[%emt 0:03:39]} g5 {[%emt 0:01:12]} 16. Qe3 {[%emt 0:07:15]} Bxd2+ {[%emt 0:00:47]} 17. Qxd2 {[%emt 0:00:04]} Qxd2+ {[%emt 0:00:07]} 18. Kxd2 {[%emt 0:00:02]} O-O-O+ {[%emt 0:00:08]} 19. Ke3 {[%emt 0:03:35]} bxc6 {[%emt 0:07:26]} 20. Rac1 {[%emt 0:02:52]} Kc7 {[%emt 0:02:00]} 21. Rc5 {[%emt 0:00:55]} Rd5 {[%emt 0:00:16]} 22. Rxd5 {[%emt 0:00:35]} exd5 {[%emt 0:04:28]} 23. h4 {[%emt 0:01:28]} g4 {[%emt 0:02:59]} 24. Kf4 {[%emt 0:04:57]} c5 {[%emt 0:02:21]} 25. Kg5 {[%emt 0:04:04]} Re8 {[%emt 0:01:52]} 26. Kh6 {[%emt 0:01:03]} Rxe5 {[%emt 0:01:58]} 27. h5 {[%emt 0:00:36]} Kd7 {[%emt 0:01:50]} 28. Kxh7 {[%emt 0:04:38]} Ke7 {[%emt 0:00:17]} 29. h6 {[%emt 0:02:18]} d4 {[%emt 0:02:11]} 30. Rd1 {[%emt 0:05:19]} a5 {[%emt 0:06:35]} 31. b3 {[%emt 0:01:56]} Kf6 {[%emt 0:02:42]} 32. g3 {[%emt 0:02:42]} Re6 {[%emt 0:01:59]} 33. Rc1 {[%emt 0:03:08]} Rc6 {[%emt 0:03:02]} 34. a4 {[%emt 0:08:14]} d3 {[%emt 0:01:41]} 35. f3 {[%emt 0:01:12]} gxf3 {[%emt 0:00:57]} 36. Rf1 {[%emt 0:00:11]} Rd6 {[%emt 0:00:38]} 37. Rxf3+ {[%emt 0:00:16]} Kg5 {[%emt 0:00:28]} 38. Rf1 {[%emt 0:01:15]} Rxh6+ {[%emt 0:01:10]} 39. Kg7 {[%emt 0:00:01]} Rd6 {[%emt 0:00:07]} 0-1

[Event "Azerbaijan Championship 2021"]
[Site "Nakhchivan"]
[Date "2021.05.08"]
[Round "5.6"]
[White "Sevdimaliyev, Urfan"]
[Black "Suleymanli, Aydin"]
[Result "0-1"]
[WhiteElo "2369"]
[BlackElo "2520"]
[Annotator "ChessBase"]
[PlyCount "74"]
[EventDate "2021.05.04"]
[EventType "tourn"]
[EventCountry "AZE"]
[SourceTitle "playchess.com"]
[Source "ChessBase"]
[SourceQuality "1"]
[TimeControl "40/5400+30:1800+30"]

1. e4 {[%emt 0:00:00]} c6 {[%emt 0:00:00]} 2. d4 {[%emt 0:00:00]} d5 {[%emt 0:00:00]} 3. e5 {[%emt 0:00:00]} Bf5 {[%emt 0:00:00]} 4. Nf3 {[%emt 0:00:00]} e6 {[%emt 0:00:06]} 5. Be2 {[%emt 0:00:13]} Ne7 {[%emt 0:00:09]} 6. O-O {[%emt 0:00:37]} Nd7 {[%emt 0:05:17]} 7. Nbd2 {[%emt 0:00:33]} Ng6 {[%emt 0:01:23]} 8. Nb3 {[%emt 0:05:10]} f6 {[%emt 0:00:50]} 9. Ne1 {[%emt 0:08:08]} h5 {[%emt 0:30:37]} 10. f4 {[%emt 0:11:37]} h4 {[%emt 0:02:02]} 11. Bg4 {[%emt 0:06:30]} Ne7 {[%emt 0:01:23]} 12. Nd3 {[%emt 0:03:26]} b6 {[%emt 0:09:49]} 13. a4 {[%emt 0:06:58]} Rc8 {[%emt 0:11:53]} 14. a5 {[%emt 0:13:23]} c5 {[%emt 0:03:35]} 15. axb6 {[%emt 0:07:07]} axb6 {[%emt 0:13:45]} 16. dxc5 {[%emt 0:08:34]} bxc5 {[%emt 0:00:10]} 17. Na5 {[%emt 0:03:56]} c4 {[%emt 0:03:34]} 18. exf6 {[%emt 0:05:07]} Nxf6 {[%emt 0:02:03]} 19. Nf2 {[%emt 0:02:41]} Bxg4 {[%emt 0:00:57]} 20. Nxg4 {[%emt 0:00:14]} Nf5 {[%emt 0:00:03]} 21. Nxf6+ {[%emt 0:05:24]} gxf6 {[%emt 0:00:35]} 22. h3 {[%emt 0:00:54]} Kf7 {[%emt 0:03:20]} 23. Kh2 {[%emt 0:02:29]} Bb4 {[%emt 0:01:03]} 24. Bd2 {[%emt 0:00:41]} Qb6 {[%emt 0:03:31]} 25. Bxb4 {[%emt 0:02:32]} Qxb4 {[%emt 0:00:02]} 26. Qf3 {[%emt 0:02:48]} c3 {[%emt 0:02:35]} 27. Nb3 {[%emt 0:02:43]} cxb2 {[%emt 0:01:11]} 28. Ra7+ {[%emt 0:00:07]} Ne7 {[%emt 0:00:27]} 29. f5 {[%emt 0:01:50]} Qb8+ {[%emt 0:02:14]} 30. Kh1 {[%emt 0:00:01]} Qxa7 {[%emt 0:00:08]} 31. fxe6+ {[%emt 0:00:04]} Kxe6 {[%emt 0:00:07]} 32. Qxf6+ {[%emt 0:00:15]} Kd7 {[%emt 0:00:05]} 33. Nd4 {[%emt 0:00:25]} Rh6 {[%emt 0:02:46]} 34. Qf4 {[%emt 0:01:33]} Qa1 {[%emt 0:00:43]} 35. Nb3 {[%emt 0:00:55]} Qa6 {[%emt 0:00:02]} 36. Qg4+ {[%emt 0:00:29]} Re6 {[%emt 0:00:04]} 37. Re1 {[%emt 0:00:28]} Rc4 {[%emt 0:00:02]} 0-1

[Event "Azerbaijan Championship 2021"]
[Site "Nakhchivan"]
[Date "2021.05.09"]
[Round "6.1"]
[White "Mamedov, Nidjat"]
[Black "Gadimbayli, Abdulla"]
[Result "1/2-1/2"]
[WhiteElo "2609"]
[BlackElo "2470"]
[Annotator "TA"]
[PlyCount "76"]
[EventDate "2021.05.04"]
[EventType "tourn"]
[EventCountry "AZE"]
[SourceTitle "playchess.com"]
[Source "ChessBase"]
[SourceQuality "1"]

{[%evp 17,76,11,16,20,28,25,29,29,26,21,25,15,39,29,27,23,27,27,61,36,35,8,7,1,8,6,31,31,38,31,40,31,31,31,35,34,35,17,37,27,35,35,35,36,41,35,65,65,65,65,65,65,65,0,34,0,65,0,34,0,65]} 1. e4 e5 2. Nf3 Nf6 3. Nxe5 Nxe4 4. d3 Nf6 5. d4 d6 6. Nf3 d5 7. Bd3 Bd6 8. Qe2+ Qe7 9. Qxe7+ Kxe7 10. O-O {C01: French: Exchange Variation.} Re8 {10...Nc6 might become the main line.} 11. Nc3 c6 12. Bg5 {White has an edge.} h6 13. Rae1+ Be6 $1 14. Bd2 Kf8 15. Ne5 {[#]} Bc7 $146 ({Predecessor:} 15... Nbd7 16. f4 Nb6 17. f5 Bd7 18. Bf4 Bb4 19. Re2 Rad8 20. Nb1 Bc8 21. c3 Bd6 22. Nd2 Na4 23. Nb3 Ne4 24. Bxe4 dxe4 {1-0 (36) Fernandez Garcia,J (2404)-Jurek,J (2250) Bucharest 2019}) 16. f4 Bb6 17. Be3 Ng4 18. Nxg4 (18. Na4 {is more complex.} Nxe3 19. Nxb6 axb6 20. Rxe3 Nd7 21. a3) 18... Bxg4 19. Bf2 (19. Kf2 {looks sharper.} Bc8 20. Kf3 Nd7 21. h3 Nf6 22. f5) 19... Rxe1 20. Rxe1 Na6 21. a3 Bd7 22. f5 Bc7 23. g4 Bd6 24. Kg2 Nc7 25. Bg3 Bxg3 26. Kxg3 Re8 27. Rh1 Rc8 28. h4 Ne8 29. Kf4 f6 30. b4 Nd6 31. Rb1 Nb5 32. Nxb5 cxb5 $14 {[%mdl 4096] Endgame KRB-KRB} 33. h5 Rc3 34. Ra1 Rc8 35. Rb1 Rc3 36. Ra1 Rc8 $1 37. Rb1 Rc3 38. Ra1 Rc8 $1 {Weighted Error Value: White=0.10/Black=0.05} 1/2-1/2

[Event "Azerbaijan Championship 2021"]
[Site "Nakhchivan"]
[Date "2021.05.09"]
[Round "6.2"]
[White "Abasov, Nijat"]
[Black "Iskandarov, Misratdin"]
[Result "0-1"]
[WhiteElo "2665"]
[BlackElo "2535"]
[Annotator "TA"]
[PlyCount "74"]
[EventDate "2021.05.04"]
[EventType "tourn"]
[EventCountry "AZE"]
[SourceTitle "playchess.com"]
[Source "ChessBase"]
[SourceQuality "1"]

{[%evp 13,74,22,16,0,26,17,16,15,13,24,22,-18,-12,-9,-5,-8,-12,-22,-15,-39,0,-54,-45,-67,-68,-96,-95,-95,-74,-97,-93,-112,-83,-92,-83,-97,-69,-128,-136,-172,-151,-179,-151,-153,-130,-136,-122,-254,-203,-801,-816,-29991,-29992,-29992,-29993,-29993,-29994,-29994,-29995,-29995,-29996,-29996,-29997]} 1. d4 Nf6 2. c4 g6 3. Nc3 Bg7 4. e4 d6 5. Be2 O-O 6. h4 c5 7. d5 e6 8. Bg5 {E73: King's Indian: Averbakh Variation without 6...c5.} h6 9. Bf4 exd5 10. exd5 {The position is equal.} Re8 {[#]} 11. Qd2 $146 ({Predecessor:} 11. Nf3 Bg4 12. Kf1 Na6 13. Qd2 h5 14. Re1 Nc7 15. Ng5 a6 16. Bxg4 Rxe1+ 17. Qxe1 Nxg4 {1-0 (32) Kukhmazov,A (2451)-Budrewicz,K (2289) Chess.com INT 2021}) 11... h5 12. Nh3 Bxh3 13. Rxh3 Ne4 14. Nxe4 Rxe4 15. Kf1 Nd7 ({Of course not} 15... Qf6 $6 16. Bg5 $16) 16. Re1 Bd4 17. f3 ({Better is} 17. Bg5 $11 Nf6 18. Rf3) 17... Re8 $36 {[%mdl 2048] Black has good play.} 18. g3 Qf6 19. Bg5 Qg7 20. Rb1 b5 21. Rh2 bxc4 22. Bxc4 Ne5 23. Be2 f6 24. Bf4 Qf7 25. Qc2 ({White should play} 25. Bxe5 $15 fxe5 26. Kg2) 25... Kg7 $17 26. Bxe5 Rxe5 ({Don't play} 26... dxe5 27. Bc4 $15) 27. Bc4 Rae8 28. Kg2 f5 29. f4 {[#]} Re3 30. Rhh1 {[#] Loses the game.} (30. Rf1 $17 {keeps fighting.}) 30... R8e4 $1 $19 31. Rbd1 $2 (31. Rbf1) 31... Qe7 32. Qb1 {[#]} Rxg3+ $3 {[%mdl 576] Remove Defender, Clearance. Black mates.} 33. Kxg3 Re3+ 34. Kg2 {[#]} Re2+ $1 {[%mdl 512]} 35. Bxe2 Qxe2+ {[%mdl 64] Double Attack} 36. Kh3 Qg4+ {[%mdl 64] Double Attack} 37. Kh2 Qxf4+ {Weighted Error Value: White=0.68/Black=0.06} 0-1

[Event "Azerbaijan Championship 2021"]
[Site "Nakhchivan"]
[Date "2021.05.09"]
[Round "6.3"]
[White "Suleymanli, Aydin"]
[Black "Durarbayli, Vasif"]
[Result "0-1"]
[WhiteElo "2520"]
[BlackElo "2606"]
[Annotator "TA"]
[PlyCount "104"]
[EventDate "2021.05.04"]
[EventType "tourn"]
[EventCountry "AZE"]
[SourceTitle "playchess.com"]
[Source "ChessBase"]
[SourceQuality "1"]

{[%evp 15,104,0,0,0,0,0,0,0,0,-8,-2,-9,-6,-52,-10,-18,0,-14,-19,-1,0,0,0,-45,-45,-42,-46,-39,-9,-9,-13,-8,-4,-4,-1,-130,-130,-129,-122,-145,-125,-135,-138,-212,-218,-217,-212,-216,-214,-223,-216,-262,-235,-250,-251,-312,-312,-318,-318,-305,-305,-314,0,-210,0,-323,-310,-307,-316,-388,-379,-389,-389,-380,-387,-387,-374,-374,-365,-359,-351,-409,-409,-410,-378,-358,-358,-789,-715,-635,-631]} 1. d4 d5 2. c4 e6 3. Nc3 c6 4. e3 Nf6 5. Nf3 Nbd7 6. Qc2 Bd6 7. g4 Nxg4 8. Rg1 Qf6 {8...f5 is not played anymore.} 9. Rxg4 {Threatens to win with Be2. D45: Semi-Slav: 5 e3.} Qxf3 10. Rxg7 Nf6 11. Rg5 {aiming for Bg2.The position is equal.} Qh1 ({But not} 11... Bxh2 $2 12. Bg2 $18) 12. Bd2 Bd7 13. O-O-O {And now Bg2 would win.} Qxh2 14. f4 {[#]} O-O-O $146 ({Predecessor:} 14... Rg8 15. Bd3 O-O-O 16. cxd5 exd5 17. Nb5 Bb8 18. Qc5 b6 19. Nxa7+ Kb7 20. Qe7 Qh6 21. Nxc6 Kxc6 {0-1 (74) Wei,Y (2694)-Sethuraman,S (2647) Tashkent 2016}) 15. cxd5 exd5 16. Nxd5 Nxd5 17. Rxd5 Bc7 18. Rg5 Rhg8 19. Bb4 Qxc2+ 20. Kxc2 Rxg5 21. fxg5 Rg8 22. Bd3 Rxg5 23. Bxh7 f5 24. Rf1 Be6 25. Bd2 (25. Kd1 $11 {remains equal.}) 25... Bd5 $1 $17 26. e4 ({Wrong is} 26. Bxf5+ $2 Rxf5 $1 {[%mdl 512]} 27. Rxf5 Be4+ 28. Kd1 Bxf5 $19) 26... Bxe4+ 27. Kc1 {[#]} Rh5 {[%cal Rh5h7]} 28. Bg6 {[#]} Bd3 $1 {[%mdl 512]} 29. Re1 (29. Bxh5 $17 Bxf1 30. Bg5) 29... Rh4 $19 30. Bf7 Rxd4 31. Be6+ Kb8 32. Rg1 a5 33. Rg8+ Rd8 34. Rg7 Re8 35. Bd7 Rf8 36. Be3 Be5 37. Re7 Bd6 38. Rg7 Be5 39. Re7 Bd6 (39... Bg3 $142 40. Kd2 Bb1) 40. Rg7 $1 f4 41. Bf2 f3 42. Bg4 a4 43. Rd7 Bf4+ 44. Kd1 Bf5 45. Bxf5 Rxf5 {[%mdl 4096] Endgame KRB-KRB} 46. Rd3 Be5 47. b3 axb3 48. axb3 Kc7 49. Kd2 Bf4+ 50. Ke1 Bd6 51. Be3 $2 (51. Kd2 Rf7 52. Ke1) 51... Bg3+ 52. Kf1 Rd5 {Weighted Error Value: White=0.24/Black=0.14} 0-1

[Event "Azerbaijan Championship 2021"]
[Site "Nakhchivan"]
[Date "2021.05.09"]
[Round "6.4"]
[White "Asadli, Vugar"]
[Black "Abbasov, Farid"]
[Result "1-0"]
[WhiteElo "2572"]
[BlackElo "2528"]
[Annotator "ChessBase"]
[PlyCount "75"]
[EventDate "2021.05.04"]
[EventType "tourn"]
[EventCountry "AZE"]
[SourceTitle "playchess.com"]
[Source "ChessBase"]
[SourceQuality "1"]
[TimeControl "40/5400+30:1800+30"]

1. e4 e6 2. d4 d5 3. Nc3 a6 4. a3 dxe4 5. Nxe4 Nd7 6. Nf3 Ngf6 7. Nxf6+ Nxf6 8. Bd3 c5 9. dxc5 {[%emt 0:23:40]} Bxc5 {[%emt 0:19:37]} 10. b4 {[%emt 0:00:04]} Bd6 {[%emt 0:12:00]} 11. Bb2 {[%emt 0:04:41]} b6 {[%emt 0:06:48]} 12. O-O {[%emt 0:10:30]} Bb7 {[%emt 0:00:42]} 13. Qe2 {[%emt 0:00:27]} Qc7 {[%emt 0:08:42]} 14. Ne5 {[%emt 0:06:01]} O-O {[%emt 0:11:25]} 15. f4 {[%emt 0:05:56]} a5 {[%emt 0:07:00]} 16. b5 {[%emt 0:17:06]} Rfe8 {[%emt 0:17:34]} 17. Nc4 {[%emt 0:04:46]} Bc5+ {[%emt 0:06:46]} 18. Kh1 {[%emt 0:00:01]} Rad8 {[%emt 0:00:01]} 19. Be5 {[%emt 0:03:52]} Qe7 {[%emt 0:00:02]} 20. Rae1 {[%emt 0:00:20]} Nd7 {[%emt 0:03:57]} 21. Bb2 {[%emt 0:02:29]} f5 {[%emt 0:01:43]} 22. Qh5 {[%emt 0:04:40]} Qf7 {[%emt 0:00:40]} 23. Qh3 {[%emt 0:00:40]} Qg6 {[%emt 0:00:30]} 24. Re2 {[%emt 0:00:25]} h5 {[%emt 0:01:18]} 25. Rfe1 {[%emt 0:01:11]} Kf7 {[%emt 0:01:16]} 26. Re3 {[%emt 0:01:48]} Bxe3 {[%emt 0:00:24]} 27. Rxe3 {[%emt 0:00:33]} Qg4 {[%emt 0:02:15]} 28. Nd6+ {[%emt 0:00:28]} Kf8 {[%emt 0:00:37]} 29. Qxg4 {[%emt 0:00:39]} hxg4 {[%emt 0:00:02]} 30. Nxb7 {[%emt 0:00:05]} Rb8 {[%emt 0:00:03]} 31. Nd6 {[%emt 0:00:31]} Re7 {[%emt 0:00:02]} 32. a4 {[%emt 0:01:19]} g6 {[%emt 0:01:36]} 33. Ba3 {[%emt 0:00:32]} Kg8 {[%emt 0:00:55]} 34. Nxf5 {[%emt 0:00:19]} Rh7 {[%emt 0:00:10]} 35. Ne7+ {[%emt 0:00:28]} Kg7 {[%emt 0:00:02]} 36. Nxg6 {[%emt 0:00:32]} Nc5 {[%emt 0:00:42]} 37. Bxc5 {[%emt 0:00:29]} bxc5 {[%emt 0:00:02]} 38. Rxe6 {[%emt 0:00:11]} 1-0

[Event "Azerbaijan Championship 2021"]
[Site "Nakhchivan"]
[Date "2021.05.09"]
[Round "6.5"]
[White "Safarli, Eltaj"]
[Black "Muradli, Mahammad"]
[Result "1-0"]
[WhiteElo "2598"]
[BlackElo "2449"]
[Annotator "ChessBase"]
[PlyCount "55"]
[EventDate "2021.05.04"]
[EventType "tourn"]
[EventCountry "AZE"]
[SourceTitle "playchess.com"]
[Source "ChessBase"]
[SourceQuality "1"]
[TimeControl "40/5400+30:1800+30"]

1. e4 {[%emt 0:00:00]} c5 {[%emt 0:05:11]} 2. Nf3 {[%emt 0:00:00]} d6 {[%emt 0:00:05]} 3. d4 {[%emt 0:00:00]} cxd4 {[%emt 0:00:04]} 4. Nxd4 {[%emt 0:00:00]} Nf6 {[%emt 0:00:07]} 5. Nc3 {[%emt 0:00:00]} a6 {[%emt 0:00:03]} 6. Be3 {[%emt 0:00:18]} e5 {[%emt 0:00:05]} 7. Nf3 {[%emt 0:00:16]} Qc7 {[%emt 0:00:05]} 8. a4 {[%emt 0:00:30]} Be6 {[%emt 0:01:54]} 9. Be2 {[%emt 0:00:56]} h6 {[%emt 0:00:10]} 10. O-O {[%emt 0:00:29]} Nbd7 {[%emt 0:00:37]} 11. Ne1 {[%emt 0:00:43]} Qc6 {[%emt 0:15:43]} 12. Nd3 {[%emt 0:00:31]} d5 {[%emt 0:04:48]} 13. exd5 {[%emt 0:01:08]} Nxd5 {[%emt 0:00:32]} 14. Nxd5 {[%emt 0:02:02]} Bxd5 {[%emt 0:00:43]} 15. Bg4 {[%emt 0:00:48]} Be6 {[%emt 0:13:38]} 16. Re1 {[%emt 0:03:54]} Be7 {[%emt 0:05:19]} 17. Bxe6 {[%emt 0:06:41]} Qxe6 {[%emt 0:00:17]} 18. Nf4 {[%emt 0:00:40]} Qc6 {[%emt 0:11:04]} 19. Nd5 {[%emt 0:01:14]} Bd8 {[%emt 0:01:25]} 20. Bf4 {[%emt 0:08:46]} Bf6 {[%emt 0:10:31]} 21. Ra3 {[%emt 0:13:48]} Rd8 {[%emt 0:03:29]} 22. Rc3 {[%emt 0:06:33]} Qxa4 {[%emt 0:00:23]} 23. b3 {[%emt 0:09:24]} Qa5 {[%emt 0:02:13]} 24. b4 {[%emt 0:02:03]} Qa4 {[%emt 0:02:56]} 25. Rd3 {[%emt 0:01:22]} Rc8 {[%emt 0:08:04]} 26. Qg4 {[%emt 0:08:56]} Qxc2 {[%emt 0:05:42]} 27. Nxf6+ {[%emt 0:01:43]} Nxf6 {[%emt 0:00:14]} 28. Qxg7 {[%emt 0:00:41]} 1-0